00653nam a2200205Ia 4500001002200000003000900022008004100031040002300072041001300095100002100108240003200129245002900161250001500190260002300205300001900228490003200247500001200279501012400291700003200415265.2-BOU he av (465)IT-MiSPE171229s9999||||xx |||||||||||||| ||und|| aIT-MiSPEcIT-MiSPE aITALIANO aHenri Bourgeois  aL'avenir de la confirmation 0aL'avvenire della cresima a1a ed. (v) aRomabCoinesc1973 a220 p. c19 cm aCristianesimo e modo d'oggi aCresima aEdizioni San Paolo srl - Piazza Soncino, 5 - 20092 CINISELLO BALSAMO (MI) (non commercial uses only) ® Copyright 2018 aEdvige Tavonig(traduzione)